[Event "FRA-chT U20 16 GP Basse 1011"]
[Site "France"]
[Date "2011.06.12"]
[Round "10"]
[White "Louvrier Saint Mary, Dimitri"]
[Black "Lemeille, Francois"]
[Result "0-1"]
[WhiteElo "1590"]
[BlackElo "2053"]
[PlyCount "59"]
[EventDate "2010.06.20"]
[EventType "team-tourn"]
[EventRounds "11"]
[EventCountry "FRA"]
[SourceTitle "EXT 2015"]
[Source "ChessBase"]
[SourceDate "2014.11.20"]
[SourceVersion "1"]
[SourceVersionDate "2014.11.20"]
[SourceQuality "1"]
[WhiteTeam "Paris AECE (U20)"]
[BlackTeam "Bois Colombes (U20)"]
[WhiteTeamCountry "FRA"]
[BlackTeamCountry "FRA"]

1. d4 Nf6 2. c4 e6 3. Nc3 Bb4 4. Nf3 c5 5. d5 b5 6. a3 Bxc3+ 7. bxc3 bxc4 8. dxe6 fxe6 9. e3 d5 10. Be2 0-0 11. 0-0 Nc6 12. Nd2 Qa5 13. Qc2 Bd7 14. Bb2 Be8 15. e4 Bg6 16. f3 Nh5 17. Qc1 Nf4 18. Qc2 Nxe2+ 19. Kh1 Nf4 20. Qd1 Rab8 21. exd5 exd5 22. Ra2 Nd3 23. Ba1 Rfe8 24. f4 Re1 25. Qf3 Be4 26. Qg3 Rxf1+ 27. Nxf1 Rb1 28. Kg1 Qa4 29. Qg4 Bf5 30. Qf3 0-1

[Event "FRA-chT U20 0809"]
[Site "Sautron"]
[Date "2009.01.03"]
[Round "5.4"]
[White "Louvrier Saint Mary, Dimitri"]
[Black "Civit, Pierre"]
[Result "0-1"]
[WhiteElo "1610"]
[BlackElo "1821"]
[PlyCount "38"]
[EventDate "2008.10.??"]
[EventType "team-tourn"]
[EventRounds "11"]
[EventCountry "FRA"]
[SourceTitle "EXT 2010"]
[Source "ChessBase"]
[SourceDate "2010.11.25"]
[SourceVersion "1"]
[SourceVersionDate "2010.11.25"]
[SourceQuality "1"]

1. d4 d5 2. c4 e5 3. dxe5 d4 4. Nf3 Nc6 5. e3 Bb4+ 6. Bd2 dxe3 7. Bxb4 Qxd1+ 8. Kxd1 Nxb4 9. fxe3 Bg4 10. Be2 Ne7 11. Nd4 Bxe2+ 12. Kxe2 0-0-0 13. Nc3 Ng6 14. e6 f6 15. a3 Na6 16. b4 Rhe8 17. Nd5 c6 18. Nf4 Nxf4+ 19. exf4 Rxd4 0-1

[Event "FRA-chT U20 0304"]
[Site "France"]
[Date "2004.05.01"]
[Round "9"]
[White "Domenech, Vianney"]
[Black "Louvrier Saint Mary, Dimitri"]
[Result "1-0"]
[WhiteElo "1580"]
[BlackElo "1080"]
[PlyCount "37"]
[EventDate "2003.11.??"]
[EventType "team"]
[EventRounds "11"]
[EventCountry "FRA"]
[SourceTitle "EXT 2005"]
[Source "ChessBase"]
[SourceDate "2004.11.15"]
[SourceVersion "1"]
[SourceVersionDate "2004.11.15"]
[SourceQuality "1"]
[WhiteTeam "Montpellier"]
[BlackTeam "AECE"]
[WhiteTeamCountry "FRA"]
[BlackTeamCountry "FRA"]

1. e4 d6 2. d4 g6 3. Nf3 Bg7 4. Bc4 Nf6 5. Nc3 0-0 6. Be3 Nbd7 7. Qd2 b6 8. h4 Bb7 9. Bd3 c5 10. d5 Kh8 11. 0-0-0 Qe8 12. Rdg1 Ng8 13. h5 Ngf6 14. h6 Ng4 15. hxg7+ Kxg7 16. Rh4 Nxe3 17. Qxe3 Bc8 18. Rgh1 f6 19. Rxh7+ 1-0

[Event "FRA-chT U20 0304"]
[Site "France"]
[Date "2004.05.01"]
[Round "10"]
[White "Giroyan, Gary"]
[Black "Louvrier Saint Mary, Dimitri"]
[Result "1-0"]
[WhiteElo "1300"]
[BlackElo "1080"]
[PlyCount "85"]
[EventDate "2003.11.??"]
[EventType "team"]
[EventRounds "11"]
[EventCountry "FRA"]
[SourceTitle "EXT 2005"]
[Source "ChessBase"]
[SourceDate "2004.11.15"]
[SourceVersion "1"]
[SourceVersionDate "2004.11.15"]
[SourceQuality "1"]
[WhiteTeam "Cannes"]
[BlackTeam "AECE"]
[WhiteTeamCountry "FRA"]
[BlackTeamCountry "FRA"]

1. e4 d6 2. d4 g6 3. Nf3 Bg7 4. Be2 Nf6 5. Nc3 0-0 6. h3 Nbd7 7. 0-0 b6 8. Re1 Bb7 9. Bd3 c5 10. Be3 e5 11. d5 a6 12. a4 Kh8 13. Qd2 Ng8 14. Rad1 a5 15. Qe2 Ngf6 16. Nh2 Nh5 17. Ng4 Bc8 18. Nh2 Qf6 19. Nf3 Nf4 20. Kh1 Qg5 21. Nxg5 Nxe2 22. Bxe2 f6 23. Nf3 f5 24. Kg1 f4 25. Bd2 Nf6 26. Nb5 Rf7 27. Nxd6 Rf8 28. Bd3 Bd7 29. Nxe5 Be8 30. Bxf4 Nd7 31. Nxe8 Raxe8 32. Nxd7 Rxf4 33. Nxb6 Kg8 34. Nc4 Ra8 35. e5 Kf7 36. g3 Rd4 37. c3 Rxd5 38. Bxg6+ hxg6 39. Rxd5 Bf8 40. e6+ Ke8 41. e7 Bxe7 42. Rde5 Ra7 43. Nb6 1-0

[Event "FRA-chT U20 0304"]
[Site "France"]
[Date "2004.05.01"]
[Round "9"]
[White "Louvrier Saint Mary, Dimitri"]
[Black "Cabanes, Kim"]
[Result "0-1"]
[WhiteElo "1080"]
[BlackElo "1550"]
[PlyCount "50"]
[EventDate "2003.11.??"]
[EventType "team"]
[EventRounds "11"]
[EventCountry "FRA"]
[SourceTitle "EXT 2005"]
[Source "ChessBase"]
[SourceDate "2004.11.15"]
[SourceVersion "1"]
[SourceVersionDate "2004.11.15"]
[SourceQuality "1"]
[WhiteTeam "AECE"]
[BlackTeam "Montpellier"]
[WhiteTeamCountry "FRA"]
[BlackTeamCountry "FRA"]

1. e4 c6 2. Nc3 d5 3. f3 d4 4. Nce2 c5 5. Ng3 Nc6 6. d3 e6 7. Bg5 Qxg5 8. Nh3 Qd8 9. c3 Qa5 10. Qc2 dxc3 11. bxc3 Nd4 12. Qd2 Nb3 13. axb3 Qxa1+ 14. Qd1 Qxc3+ 15. Kf2 Qd4+ 16. Ke2 Bd6 17. Qe1 Qb2+ 18. Kd1 Qxb3+ 19. Kd2 c4 20. Be2 Bb4+ 21. Ke3 Bxe1 22. Rxe1 c3 23. Rc1 c2 24. Nf1 a5 25. Nd2 Qb2 0-1

[Event "FRA-chT U20 0304"]
[Site "France"]
[Date "2004.??.??"]
[Round "6"]
[White "Louvrier Saint Mary, Dimitri"]
[Black "Estarellas, Thibault"]
[Result "0-1"]
[WhiteElo "1080"]
[BlackElo "1460"]
[PlyCount "52"]
[EventDate "2003.11.??"]
[EventType "team"]
[EventRounds "11"]
[EventCountry "FRA"]
[SourceTitle "EXT 2005"]
[Source "ChessBase"]
[SourceDate "2004.11.15"]
[SourceVersion "1"]
[SourceVersionDate "2004.11.15"]
[SourceQuality "1"]
[WhiteTeam "AECE"]
[BlackTeam "Niort"]
[WhiteTeamCountry "FRA"]
[BlackTeamCountry "FRA"]

1. e4 c5 2. Nf3 Nc6 3. Nc3 Nf6 4. d4 cxd4 5. Nxd4 g6 6. Nxc6 bxc6 7. Bc4 Bg7 8. 0-0 0-0 9. Bg5 Qc7 10. Qf3 Nxe4 11. Nxe4 d5 12. Bf4 Qd8 13. Rfd1 dxe4 14. Qxe4 Qe8 15. Rd2 Bf5 16. Qf3 Bxb2 17. Rad1 Bg7 18. Bc7 Qc8 19. Qf4 Bg4 20. Rd8 Qf5 21. Rxf8+ Rxf8 22. Rd4 Bxd4 23. Qxd4 Qg5 24. Be5 Bh3 25. g3 Qc1+ 26. Bf1 Qxf1# 0-1